| 000 | 00958 a2200193 4500 | ||
|---|---|---|---|
| 003 | Nust | ||
| 005 | 20220804125445.0 | ||
| 010 | _a 97034944 | ||
| 020 | _a0964000032 (hardcover) | ||
| 040 | _cNust | ||
| 082 | 0 | 0 | _a621.367,HOL |
| 100 | 1 |
_aHolst, Gerald C. _996531 |
|
| 245 | 1 | 0 |
_aSampling, aliasing, and data fidelity for electronic imaging systems, communications, and data acquisition / _cGerald C. Holst. |
| 260 |
_aWinter Park, FL : _bJCD Pub. ; _aBellingham, WA : _bSPIE Optical Engineering Press, _cc1998. |
||
| 300 |
_axvi, 326 p. : _bill. ; _c24 cm. |
||
| 505 | _aIntroduction (Page-1), Fourier Transform (Page-29), Linear System Theory (Page-65), Sampling (Page-81), Sampling Devices (Page-98), Resampling (Page-131), Reconstruction (Page-158), Reconstructed Signal Processing (Page-196, System Analysis (Page-228), System Resolution (Page-274), Image Quality Metrics (Page-293). | ||
| 650 | 0 | _aTelecommunication Engineering. | |
| 942 |
_cREF _2ddc |
||
| 999 |
_c175579 _d175579 |
||